[Event "Rapid 2018"]
[Site "Saint-Petersburg"]
[Date "2018.12.28"]
[Round "13"]
[Board "71"]
[White "Al-Sayed Mohammed (QAT)"]
[Black "Reshetnikov Alexey (RUS)"]
[Result "1-0"]
[LiveChessVersion "1.4.8"]
[BlackElo "2537"]
[WhiteElo "2419"]

1. d4 {[%clk 0:13:08]} d5 {[%clk 0:15:17]} 2. Bf4 {[%clk 0:13:11]} Nf6
{[%clk 0:15:16]} 3. e3 {[%clk 0:13:20]} c5 {[%clk 0:15:24]} 4. c3
{[%clk 0:13:26]} Qb6 {[%clk 0:15:31]} 5. Qb3 {[%clk 0:13:29]} Nc6
{[%clk 0:15:39]} 6. Nd2 {[%clk 0:13:34]} Bf5 {[%clk 0:13:50]} 7. dxc5
{[%clk 0:13:23]} Qxb3 {[%clk 0:13:58]} 8. axb3 {[%clk 0:12:55]} e5
{[%clk 0:14:05]} 9. Bg3 {[%clk 0:12:52]} Bxc5 {[%clk 0:13:58]} 10. Bb5
{[%clk 0:11:36]} Nd7 {[%clk 0:13:46]} 11. Ngf3 {[%clk 0:10:24]} f6
{[%clk 0:13:50]} 12. O-O {[%clk 0:10:32]} O-O {[%clk 0:12:37]} 13. b4
{[%clk 0:09:48]} Be7 {[%clk 0:09:49]} 14. Nb3 {[%clk 0:09:13]} Rfc8
{[%clk 0:09:12]} 15. Nfd2 {[%clk 0:08:58]} a6 {[%clk 0:08:22]} 16. Be2
{[%clk 0:09:05]} b5 {[%clk 0:05:00]} 17. f4 {[%clk 0:05:31]} e4 {[%clk 0:05:00]}
18. Rfd1 {[%clk 0:03:38]} Nb6 {[%clk 0:04:36]} 19. Nc5 {[%clk 0:03:21]} Bxc5
{[%clk 0:03:09]} 20. bxc5 {[%clk 0:03:30]} Na4 {[%clk 0:03:17]} 21. c4
{[%clk 0:01:46]} Nxb2 {[%clk 0:02:39]} 22. cxd5 {[%clk 0:01:55]} Nxd1
{[%clk 0:02:48]} 23. Rxd1 {[%clk 0:02:04]} Nb4 {[%clk 0:02:49]} 24. Nb3
{[%clk 0:02:06]} Nxd5 {[%clk 0:02:38]} 25. Rxd5 {[%clk 0:01:55]} Be6
{[%clk 0:02:46]} 26. Rd6 {[%clk 0:02:05]} Bxb3 {[%clk 0:02:53]} 27. c6
{[%clk 0:02:14]} Rd8 {[%clk 0:01:14]} 28. Rxd8+ {[%clk 0:00:36]} Rxd8
{[%clk 0:01:23]} 29. Bg4 {[%clk 0:00:45]} f5 {[%clk 0:00:17]} 30. Bxf5
{[%clk 0:00:54]} Rd1+ {[%clk 0:00:22]} 31. Kf2 {[%clk 0:01:03]} Rc1
{[%clk 0:00:17]} 32. Bxe4 {[%clk 0:01:12]} b4 {[%clk 0:00:21]} 33. f5
{[%clk 0:01:18]} Ba4 {[%clk 0:00:18]} 34. Bd5+ {[%clk 0:00:53]} Kh8
{[%clk 0:00:25]} 35. c7 {[%clk 0:00:59]} Bd7 {[%clk 0:00:26]} 36. e4
{[%clk 0:00:38]} a5 {[%clk 0:00:13]} 37. Bd6 {[%clk 0:00:47]} h6 {[%clk 0:00:13]}
38. g4 {[%clk 0:00:55]} Rc3 {[%clk 0:00:20]} 39. e5 {[%clk 0:01:01]} b3
{[%clk 0:00:27]} 40. e6 {[%clk 0:01:10]} Rc2+ {[%clk 0:00:12]} 41. Ke3
{[%clk 0:01:18]} Be8 {[%clk 0:00:13]} 42. Bxb3 {[%clk 0:01:23]} 1-0

[Event "Rapid 2018"]
[Site "Saint-Petersburg"]
[Date "2018.12.28"]
[Round "13"]
[Board "72"]
[White "Popov Valerij (RUS)"]
[Black "Sharma Dinesh K. (IND)"]
[Result "1-0"]
[LiveChessVersion "1.4.8"]
[BlackElo "2388"]
[WhiteElo "2531"]

1. Nf3 {[%clk 0:15:19]} d5 {[%clk 0:15:18]} 2. c4 {[%clk 0:15:25]} e6
{[%clk 0:15:20]} 3. d4 {[%clk 0:15:31]} c6 {[%clk 0:15:26]} 4. e3
{[%clk 0:15:28]} f5 {[%clk 0:15:33]} 5. Be2 {[%clk 0:15:16]} Nf6 {[%clk 0:15:41]}
6. O-O {[%clk 0:15:21]} Bd6 {[%clk 0:15:49]} 7. b3 {[%clk 0:15:22]} Qe7
{[%clk 0:15:56]} 8. Bb2 {[%clk 0:15:14]} O-O {[%clk 0:16:02]} 9. Qc1
{[%clk 0:15:23]} b6 {[%clk 0:16:07]} 10. Ba3 {[%clk 0:15:31]} Bb7
{[%clk 0:16:10]} 11. Bxd6 {[%clk 0:15:37]} Qxd6 {[%clk 0:16:18]} 12. Qa3
{[%clk 0:15:29]} Qxa3 {[%clk 0:16:03]} 13. Nxa3 {[%clk 0:15:37]} Nbd7
{[%clk 0:16:10]} 14. Rfc1 {[%clk 0:15:23]} Rfc8 {[%clk 0:15:56]} 15. Ng5
{[%clk 0:14:50]} Re8 {[%clk 0:15:45]} 16. Nc2 {[%clk 0:14:05]} h6
{[%clk 0:15:41]} 17. Nf3 {[%clk 0:14:11]} Rec8 {[%clk 0:13:27]} 18. h3
{[%clk 0:13:18]} Kf7 {[%clk 0:13:28]} 19. Nb4 {[%clk 0:12:46]} Ke7
{[%clk 0:12:47]} 20. Nd3 {[%clk 0:12:31]} Ne4 {[%clk 0:09:37]} 21. Rc2
{[%clk 0:11:55]} dxc4 {[%clk 0:09:17]} 22. bxc4 {[%clk 0:11:59]} c5
{[%clk 0:09:15]} 23. g4 {[%clk 0:11:10]} cxd4 {[%clk 0:08:01]} 24. exd4
{[%clk 0:11:12]} Nd6 {[%clk 0:07:33]} 25. Rac1 {[%clk 0:10:41]} Be4
{[%clk 0:05:54]} 26. Nd2 {[%clk 0:10:48]} Bc6 {[%clk 0:04:50]} 27. Nb4
{[%clk 0:08:50]} Ba4 {[%clk 0:03:52]} 28. Rc3 {[%clk 0:08:59]} a5
{[%clk 0:03:51]} 29. Nd3 {[%clk 0:09:08]} Bc6 {[%clk 0:03:32]} 30. Nf4
{[%clk 0:08:37]} g5 {[%clk 0:03:26]} 31. Nxe6 {[%clk 0:07:39]} Kxe6
{[%clk 0:03:29]} 32. d5+ {[%clk 0:07:49]} Bxd5 {[%clk 0:01:57]} 33. cxd5+
{[%clk 0:07:58]} Kf7 {[%clk 0:00:59]} 34. Rc7 {[%clk 0:08:01]} Ke7
{[%clk 0:00:41]} 35. gxf5 {[%clk 0:08:07]} Rxc7 {[%clk 0:00:38]} 36. Rxc7
{[%clk 0:08:16]} Kd8 {[%clk 0:00:41]} 37. Rc6 {[%clk 0:08:19]} Nxf5
{[%clk 0:00:49]} 38. Bg4 {[%clk 0:08:14]} Ng7 {[%clk 0:00:14]} 39. Rxh6
{[%clk 0:08:15]} Nf8 {[%clk 0:00:13]} 40. Rxb6 {[%clk 0:08:19]} Ne8
{[%clk 0:00:19]} 41. Ne4 {[%clk 0:08:25]} Nd7 {[%clk 0:00:27]} 42. Bxd7
{[%clk 0:08:04]} Kxd7 {[%clk 0:00:35]} 43. Rb7+ {[%clk 0:08:13]} Kd8
{[%clk 0:00:38]} 44. Nxg5 {[%clk 0:08:18]} Ra6 {[%clk 0:00:44]} 45. a4
{[%clk 0:07:47]} Kc8 {[%clk 0:00:34]} 46. Rb5 {[%clk 0:07:36]} Nc7
{[%clk 0:00:24]} 47. Rc5 {[%clk 0:07:42]} Kd7 {[%clk 0:00:32]} 48. Kg2
{[%clk 0:07:35]} Ra8 {[%clk 0:00:36]} 49. h4 {[%clk 0:07:33]} Kd6
{[%clk 0:00:43]} 50. Ne4+ {[%clk 0:07:42]} Kd7 {[%clk 0:00:49]} 51. Nf6+
{[%clk 0:07:47]} Kd8 {[%clk 0:00:55]} 52. d6 {[%clk 0:07:50]} Ne6
{[%clk 0:00:56]} 53. Re5 {[%clk 0:07:50]} Ng7 {[%clk 0:01:05]} 54. Re7
{[%clk 0:07:52]} Ra6 {[%clk 0:01:13]} 55. Rxg7 {[%clk 0:08:00]} Rxd6
{[%clk 0:01:22]} 56. Rd7+ {[%clk 0:08:05]} 1-0

[Event "Rapid 2018"]
[Site "Saint-Petersburg"]
[Date "2018.12.28"]
[Round "13"]
[Board "73"]
[White "Khismatullin Denis (RUS)"]
[Black "Makoveev Ilya (RUS)"]
[Result "1-0"]
[LiveChessVersion "1.4.8"]
[BlackElo "2173"]
[WhiteElo "2632"]

1. c4 {[%clk 0:14:39]} e5 {[%clk 0:15:17]} 2. Nc3 {[%clk 0:14:47]} Nf6
{[%clk 0:15:25]} 3. Nf3 {[%clk 0:14:55]} Nc6 {[%clk 0:15:33]} 4. e3
{[%clk 0:15:04]} Be7 {[%clk 0:13:38]} 5. a3 {[%clk 0:14:22]} O-O {[%clk 0:10:56]}
6. b4 {[%clk 0:14:31]} d5 {[%clk 0:09:19]} 7. cxd5 {[%clk 0:14:08]} Nxd5
{[%clk 0:09:27]} 8. Qc2 {[%clk 0:14:16]} Nxc3 {[%clk 0:07:36]} 9. dxc3
{[%clk 0:14:24]} Be6 {[%clk 0:07:34]} 10. Bd3 {[%clk 0:14:12]} f5
{[%clk 0:05:30]} 11. e4 {[%clk 0:14:18]} g6 {[%clk 0:05:20]} 12. Bh6
{[%clk 0:13:54]} Rf6 {[%clk 0:01:46]} 13. h4 {[%clk 0:13:42]} fxe4
{[%clk 0:00:52]} 14. Bxe4 {[%clk 0:13:48]} Bf5 {[%clk 0:01:00]} 15. h5
{[%clk 0:11:47]} Qe8 {[%clk 0:00:46]} 16. Ng5 {[%clk 0:10:12]} Bf8
{[%clk 0:00:16]} 17. Qa2+ {[%clk 0:06:15]} Kh8 {[%clk 0:00:15]} 18. Nxh7
{[%clk 0:05:57]} 1-0

[Event "Rapid 2018"]
[Site "Saint-Petersburg"]
[Date "2018.12.28"]
[Round "13"]
[Board "74"]
[White "Salgado Lopez Ivan (ESP)"]
[Black "Makarov Marat (RUS)"]
[Result "1-0"]
[LiveChessVersion "1.4.8"]
[BlackElo "2486"]
[WhiteElo "2618"]

1. e4 {[%clk 0:15:16]} c5 {[%clk 0:15:16]} 2. Nf3 {[%clk 0:15:20]} d6
{[%clk 0:15:24]} 3. d4 {[%clk 0:15:23]} cxd4 {[%clk 0:15:31]} 4. Nxd4
{[%clk 0:15:26]} Nf6 {[%clk 0:15:39]} 5. Nc3 {[%clk 0:15:30]} a6 {[%clk 0:15:48]}
6. g3 {[%clk 0:15:27]} e5 {[%clk 0:15:52]} 7. Nde2 {[%clk 0:15:32]} Be7
{[%clk 0:15:32]} 8. Bg2 {[%clk 0:15:36]} Nbd7 {[%clk 0:15:19]} 9. a4
{[%clk 0:15:13]} O-O {[%clk 0:15:15]} 10. h3 {[%clk 0:14:21]} Nb6
{[%clk 0:15:10]} 11. b3 {[%clk 0:13:27]} Be6 {[%clk 0:15:17]} 12. a5
{[%clk 0:13:08]} Nbd7 {[%clk 0:14:55]} 13. O-O {[%clk 0:12:25]} Nb8
{[%clk 0:12:12]} 14. Nd5 {[%clk 0:11:47]} Nc6 {[%clk 0:11:33]} 15. Nxe7+
{[%clk 0:11:43]} Qxe7 {[%clk 0:11:42]} 16. Be3 {[%clk 0:11:12]} Qd7
{[%clk 0:09:26]} 17. g4 {[%clk 0:11:03]} d5 {[%clk 0:09:23]} 18. exd5
{[%clk 0:11:05]} Nxd5 {[%clk 0:09:15]} 19. Bc5 {[%clk 0:11:01]} Rfd8
{[%clk 0:08:31]} 20. c4 {[%clk 0:11:04]} Ndb4 {[%clk 0:08:30]} 21. Bb6
{[%clk 0:11:00]} Qe7 {[%clk 0:07:23]} 22. Qb1 {[%clk 0:10:27]} h5
{[%clk 0:06:50]} 23. Bxd8 {[%clk 0:09:04]} Rxd8 {[%clk 0:06:57]} 24. Qe4
{[%clk 0:09:11]} hxg4 {[%clk 0:06:31]} 25. hxg4 {[%clk 0:09:18]} Rd3
{[%clk 0:05:38]} 26. Rfd1 {[%clk 0:08:03]} Rxb3 {[%clk 0:05:15]} 27. Rab1
{[%clk 0:08:07]} Rxb1 {[%clk 0:05:12]} 28. Rxb1 {[%clk 0:08:09]} Qc5
{[%clk 0:04:58]} 29. Ng3 {[%clk 0:07:09]} Qxa5 {[%clk 0:04:38]} 30. Qe3
{[%clk 0:06:27]} Qa2 {[%clk 0:03:18]} 31. Be4 {[%clk 0:05:53]} Nc2
{[%clk 0:02:03]} 32. Qc1 {[%clk 0:05:32]} N2d4 {[%clk 0:02:00]} 33. Rxb7
{[%clk 0:05:25]} g6 {[%clk 0:00:23]} 34. Rb6 {[%clk 0:04:18]} Qa5
{[%clk 0:00:13]} 35. c5 {[%clk 0:03:57]} Kg7 {[%clk 0:00:17]} 36. Bxc6
{[%clk 0:03:49]} Nb3 {[%clk 0:00:12]} 37. Rxb3 {[%clk 0:02:25]} Bxb3
{[%clk 0:00:20]} 38. Bf3 {[%clk 0:02:16]} Be6 {[%clk 0:00:14]} 39. c6
{[%clk 0:02:03]} Qc7 {[%clk 0:00:24]} 40. g5 {[%clk 0:01:43]} a5 {[%clk 0:00:30]}
41. Qc2 {[%clk 0:01:35]} Qe7 {[%clk 0:00:12]} 42. Ne4 {[%clk 0:01:21]} Bf5
{[%clk 0:00:14]} 43. c7 {[%clk 0:01:25]} 1-0

[Event "Rapid 2018"]
[Site "Saint-Petersburg"]
[Date "2018.12.28"]
[Round "13"]
[Board "75"]
[White "Iljiushenok Ilia (RUS)"]
[Black "Maghsoodloo Parham (IRI)"]
[Result "0-1"]
[LiveChessVersion "1.4.8"]
[BlackElo "2463"]
[WhiteElo "2607"]

1. e4 {[%clk 0:15:19]} Nf6 {[%clk 0:15:19]} 2. e5 {[%clk 0:15:27]} Nd5
{[%clk 0:15:28]} 3. d4 {[%clk 0:15:36]} d6 {[%clk 0:15:37]} 4. Nf3
{[%clk 0:15:44]} Bg4 {[%clk 0:15:46]} 5. h3 {[%clk 0:15:52]} Bh5 {[%clk 0:15:55]}
6. g4 {[%clk 0:15:58]} Bg6 {[%clk 0:16:04]} 7. e6 {[%clk 0:16:07]} fxe6
{[%clk 0:15:55]} 8. Bg2 {[%clk 0:16:15]} c6 {[%clk 0:15:40]} 9. O-O
{[%clk 0:16:07]} h6 {[%clk 0:15:27]} 10. c4 {[%clk 0:16:10]} Nc7 {[%clk 0:15:34]}
11. Nc3 {[%clk 0:16:17]} Nd7 {[%clk 0:15:41]} 12. Re1 {[%clk 0:15:37]} Bf7
{[%clk 0:15:49]} 13. Qb3 {[%clk 0:13:30]} Rb8 {[%clk 0:15:49]} 14. Be3
{[%clk 0:12:48]} a6 {[%clk 0:15:56]} 15. Qc2 {[%clk 0:10:42]} g5 {[%clk 0:15:38]}
16. Rad1 {[%clk 0:09:21]} Bg7 {[%clk 0:15:46]} 17. Ne4 {[%clk 0:09:19]} Nf6
{[%clk 0:15:35]} 18. Ng3 {[%clk 0:09:18]} O-O {[%clk 0:15:22]} 19. b3
{[%clk 0:06:35]} Qe8 {[%clk 0:15:25]} 20. Qd2 {[%clk 0:06:44]} Bg6
{[%clk 0:15:28]} 21. Nh2 {[%clk 0:06:43]} Qf7 {[%clk 0:14:45]} 22. Rf1
{[%clk 0:06:34]} e5 {[%clk 0:14:53]} 23. dxe5 {[%clk 0:06:31]} dxe5
{[%clk 0:15:02]} 24. Nf3 {[%clk 0:06:31]} Nfe8 {[%clk 0:13:54]} 25. Qa5
{[%clk 0:05:31]} Qf6 {[%clk 0:13:11]} 26. Nd2 {[%clk 0:02:49]} Ne6
{[%clk 0:13:19]} 27. Nde4 {[%clk 0:02:56]} Qf7 {[%clk 0:13:27]} 28. Kh2
{[%clk 0:02:00]} Nd4 {[%clk 0:13:11]} 29. Kh1 {[%clk 0:01:16]} Nd6
{[%clk 0:13:05]} 30. Nc3 {[%clk 0:00:36]} Kh8 {[%clk 0:12:44]} 31. c5
{[%clk 0:00:45]} Ne8 {[%clk 0:12:41]} 32. Qb6 {[%clk 0:00:27]} Nf6
{[%clk 0:12:39]} 33. Qc7 {[%clk 0:00:17]} Ne6 {[%clk 0:12:06]} 34. Qb6
{[%clk 0:00:21]} Nf4 {[%clk 0:12:14]} 35. Bxf4 {[%clk 0:00:17]} exf4
{[%clk 0:12:03]} 36. Nf5 {[%clk 0:00:26]} Bxf5 {[%clk 0:11:55]} 37. gxf5
{[%clk 0:00:35]} g4 {[%clk 0:12:04]} 38. Qb4 {[%clk 0:00:39]} f3 {[%clk 0:12:06]}
39. hxg4 {[%clk 0:00:39]} fxg2+ {[%clk 0:12:08]} 40. Kxg2 {[%clk 0:00:48]} Nxg4
{[%clk 0:12:16]} 41. Qxg4 {[%clk 0:00:40]} Rg8 {[%clk 0:12:17]} 0-1

[Event "Rapid 2018"]
[Site "Saint-Petersburg"]
[Date "2018.12.28"]
[Round "13"]
[Board "76"]
[White "Lintchevski Daniil (RUS)"]
[Black "Usmanov Vasily (RUS)"]
[Result "0-1"]
[LiveChessVersion "1.4.8"]
[BlackElo "2459"]
[WhiteElo "2603"]

1. e4 {[%clk 0:15:18]} e6 {[%clk 0:15:19]} 2. d4 {[%clk 0:15:22]} d5
{[%clk 0:15:28]} 3. exd5 {[%clk 0:15:27]} exd5 {[%clk 0:15:37]} 4. Nf3
{[%clk 0:15:34]} Nf6 {[%clk 0:15:43]} 5. Bd3 {[%clk 0:15:41]} c5 {[%clk 0:15:52]}
6. dxc5 {[%clk 0:15:26]} Bxc5 {[%clk 0:16:00]} 7. O-O {[%clk 0:15:32]} O-O
{[%clk 0:16:07]} 8. Nc3 {[%clk 0:15:36]} Nc6 {[%clk 0:16:03]} 9. Bg5
{[%clk 0:15:32]} h6 {[%clk 0:15:56]} 10. Bh4 {[%clk 0:15:12]} Re8
{[%clk 0:14:41]} 11. Bxf6 {[%clk 0:14:41]} Qxf6 {[%clk 0:14:47]} 12. Nxd5
{[%clk 0:14:49]} Qd6 {[%clk 0:14:52]} 13. Nc3 {[%clk 0:13:58]} Bg4
{[%clk 0:13:24]} 14. Ne4 {[%clk 0:13:47]} Qf8 {[%clk 0:13:10]} 15. h3
{[%clk 0:13:23]} Bh5 {[%clk 0:13:16]} 16. Ng3 {[%clk 0:13:21]} Bxf3
{[%clk 0:13:12]} 17. Qxf3 {[%clk 0:13:28]} Ne5 {[%clk 0:13:20]} 18. Qxb7
{[%clk 0:12:34]} Nxd3 {[%clk 0:13:00]} 19. cxd3 {[%clk 0:11:53]} Rab8
{[%clk 0:13:09]} 20. Qd5 {[%clk 0:11:42]} Rxb2 {[%clk 0:12:42]} 21. Ne4
{[%clk 0:11:46]} Bb6 {[%clk 0:12:35]} 22. Rab1 {[%clk 0:11:19]} Rxb1
{[%clk 0:09:53]} 23. Rxb1 {[%clk 0:11:27]} Rd8 {[%clk 0:10:03]} 24. Qc4
{[%clk 0:09:34]} Kh8 {[%clk 0:07:34]} 25. Rb5 {[%clk 0:08:03]} f5
{[%clk 0:07:34]} 26. Ng3 {[%clk 0:07:17]} f4 {[%clk 0:06:46]} 27. Nf5
{[%clk 0:05:34]} f3 {[%clk 0:05:22]} 28. gxf3 {[%clk 0:03:28]} Qe8
{[%clk 0:04:46]} 29. Kg2 {[%clk 0:01:47]} Qe2 {[%clk 0:04:12]} 30. Qh4
{[%clk 0:01:40]} Rxd3 {[%clk 0:03:34]} 31. Qg3 {[%clk 0:01:46]} Rd7
{[%clk 0:02:41]} 32. Re5 {[%clk 0:01:02]} Qxa2 {[%clk 0:02:40]} 33. Ne3
{[%clk 0:00:31]} Kh7 {[%clk 0:02:22]} 34. Qg4 {[%clk 0:00:30]} Rd6
{[%clk 0:01:46]} 35. Qe4+ {[%clk 0:00:23]} Rg6+ {[%clk 0:01:52]} 36. Kf1
{[%clk 0:00:32]} Bxe3 {[%clk 0:01:04]} 37. fxe3 {[%clk 0:00:33]} Qg2+
{[%clk 0:01:12]} 38. Ke1 {[%clk 0:00:42]} Qxh3 {[%clk 0:01:14]} 39. Kd2
{[%clk 0:00:42]} Qd7+ {[%clk 0:01:11]} 40. Ke2 {[%clk 0:00:47]} Qc6
{[%clk 0:00:59]} 41. Qf5 {[%clk 0:00:36]} Kg8 {[%clk 0:00:56]} 42. Kf2
{[%clk 0:00:17]} Rf6 {[%clk 0:00:46]} 43. Qe4 {[%clk 0:00:26]} Qxe4
{[%clk 0:00:46]} 44. Rxe4 {[%clk 0:00:35]} a5 {[%clk 0:00:48]} 45. Re8+
{[%clk 0:00:44]} Rf8 {[%clk 0:00:49]} 46. Re4 {[%clk 0:00:49]} Ra8
{[%clk 0:00:58]} 47. Ra4 {[%clk 0:00:58]} Kf7 {[%clk 0:01:06]} 48. e4
{[%clk 0:01:08]} g5 {[%clk 0:01:06]} 49. Ke3 {[%clk 0:01:15]} Ke6
{[%clk 0:01:14]} 50. Kd4 {[%clk 0:01:07]} h5 {[%clk 0:01:19]} 51. Ra1
{[%clk 0:01:15]} a4 {[%clk 0:01:27]} 0-1

[Event "Rapid 2018"]
[Site "Saint-Petersburg"]
[Date "2018.12.28"]
[Round "13"]
[Board "77"]
[White "Anikonov Dmitry (RUS)"]
[Black "Gareyev Timur (USA)"]
[Result "1/2-1/2"]
[LiveChessVersion "1.4.8"]
[BlackElo "2575"]
[WhiteElo "2413"]

1. d4 {[%clk 0:15:18]} Nf6 {[%clk 0:12:56]} 2. c4 {[%clk 0:15:27]} e6
{[%clk 0:13:05]} 3. g3 {[%clk 0:15:32]} Bb4+ {[%clk 0:13:13]} 4. Bd2
{[%clk 0:15:40]} a5 {[%clk 0:13:22]} 5. Bg2 {[%clk 0:15:43]} O-O {[%clk 0:13:29]}
6. Nf3 {[%clk 0:15:43]} b6 {[%clk 0:13:36]} 7. Ne5 {[%clk 0:15:28]} Ra7
{[%clk 0:13:13]} 8. O-O {[%clk 0:14:55]} Bb7 {[%clk 0:13:13]} 9. Nd3
{[%clk 0:14:12]} Be7 {[%clk 0:13:17]} 10. Nc3 {[%clk 0:14:10]} Bxg2
{[%clk 0:13:21]} 11. Kxg2 {[%clk 0:14:19]} d5 {[%clk 0:12:55]} 12. cxd5
{[%clk 0:14:14]} Nxd5 {[%clk 0:12:50]} 13. e4 {[%clk 0:14:01]} Nxc3
{[%clk 0:12:40]} 14. bxc3 {[%clk 0:13:58]} a4 {[%clk 0:12:20]} 15. Be3
{[%clk 0:13:56]} Nc6 {[%clk 0:12:22]} 16. Qc2 {[%clk 0:13:26]} Qa8
{[%clk 0:11:35]} 17. f3 {[%clk 0:13:32]} Rd8 {[%clk 0:11:43]} 18. Rf2
{[%clk 0:12:29]} Ra5 {[%clk 0:11:34]} 19. Nf4 {[%clk 0:10:51]} e5
{[%clk 0:10:19]} 20. Nd5 {[%clk 0:10:39]} Bd6 {[%clk 0:10:23]} 21. Qe2
{[%clk 0:09:14]} exd4 {[%clk 0:10:19]} 22. cxd4 {[%clk 0:09:12]} Rxd5
{[%clk 0:10:27]} 23. exd5 {[%clk 0:09:18]} Nb4 {[%clk 0:10:33]} 24. Bd2
{[%clk 0:06:38]} Nxd5 {[%clk 0:10:05]} 25. Re1 {[%clk 0:06:41]} h6
{[%clk 0:09:48]} 26. Qe4 {[%clk 0:06:30]} b5 {[%clk 0:09:52]} 27. Rfe2
{[%clk 0:05:48]} b4 {[%clk 0:09:36]} 28. Qd3 {[%clk 0:04:06]} Rb8
{[%clk 0:09:11]} 29. Rb1 {[%clk 0:04:04]} Qc6 {[%clk 0:09:06]} 30. Rc1
{[%clk 0:03:54]} Qd7 {[%clk 0:08:48]} 31. Qc4 {[%clk 0:03:48]} Nb6
{[%clk 0:07:44]} 32. Qd3 {[%clk 0:03:46]} Rd8 {[%clk 0:07:12]} 33. Rb1
{[%clk 0:03:31]} Nd5 {[%clk 0:07:17]} 34. Qc4 {[%clk 0:03:35]} Nb6
{[%clk 0:07:08]} 35. Qd3 {[%clk 0:03:39]} Nd5 {[%clk 0:06:51]} 36. Qc4
{[%clk 0:03:47]} 1/2-1/2

[Event "Rapid 2018"]
[Site "Saint-Petersburg"]
[Date "2018.12.28"]
[Round "13"]
[Board "78"]
[White "Rechlis Gad (ISR)"]
[Black "Kobo Ori (ISR)"]
[Result "1/2-1/2"]
[LiveChessVersion "1.4.8"]
[BlackElo "2442"]
[WhiteElo "2543"]

1. e4 {[%clk 0:15:11]} g6 {[%clk 0:15:15]} 2. d4 {[%clk 0:15:08]} Bg7
{[%clk 0:15:22]} 3. Be3 {[%clk 0:14:59]} c5 {[%clk 0:15:00]} 4. Nc3
{[%clk 0:14:24]} cxd4 {[%clk 0:14:23]} 5. Bxd4 {[%clk 0:14:33]} Nf6
{[%clk 0:12:27]} 6. e5 {[%clk 0:10:04]} Nh5 {[%clk 0:12:33]} 7. Qd2
{[%clk 0:10:04]} d6 {[%clk 0:10:47]} 8. exd6 {[%clk 0:10:05]} Qxd6
{[%clk 0:10:41]} 9. Nb5 {[%clk 0:10:06]} Qc6 {[%clk 0:09:42]} 10. Nf3
{[%clk 0:08:04]} O-O {[%clk 0:09:41]} 11. Bxg7 {[%clk 0:08:07]} Nxg7
{[%clk 0:09:28]} 12. O-O-O {[%clk 0:08:12]} Nd7 {[%clk 0:08:15]} 13. Qb4
{[%clk 0:06:50]} Nc5 {[%clk 0:06:43]} 14. Ne5 {[%clk 0:05:05]} Qb6
{[%clk 0:06:52]} 15. a3 {[%clk 0:04:40]} Be6 {[%clk 0:05:58]} 16. Nd4
{[%clk 0:04:14]} Qxb4 {[%clk 0:04:29]} 17. axb4 {[%clk 0:04:23]} Ne4
{[%clk 0:04:37]} 18. Nxe6 {[%clk 0:02:53]} fxe6 {[%clk 0:04:25]} 19. Nd3
{[%clk 0:01:26]} Nxf2 {[%clk 0:03:55]} 20. Nxf2 {[%clk 0:01:34]} Rxf2
{[%clk 0:04:04]} 21. Rd7 {[%clk 0:01:43]} Nf5 {[%clk 0:03:08]} 22. Bc4
{[%clk 0:01:12]} Ne3 {[%clk 0:02:44]} 23. Bxe6+ {[%clk 0:01:05]} Kf8
{[%clk 0:02:53]} 24. Bb3 {[%clk 0:00:47]} a5 {[%clk 0:02:35]} 25. bxa5
{[%clk 0:00:31]} Rxa5 {[%clk 0:02:41]} 26. Kb1 {[%clk 0:00:37]} Rxg2
{[%clk 0:01:50]} 27. Rxb7 {[%clk 0:00:37]} Rf2 {[%clk 0:00:54]} 28. h4
{[%clk 0:00:40]} Nf1 {[%clk 0:00:57]} 29. Ba2 {[%clk 0:00:27]} Rc5
{[%clk 0:00:45]} 30. c3 {[%clk 0:00:27]} Re5 {[%clk 0:00:40]} 31. Bb3
{[%clk 0:00:18]} Nd2+ {[%clk 0:00:22]} 32. Kc1 {[%clk 0:00:23]} Ra5
{[%clk 0:00:24]} 33. Kc2 {[%clk 0:00:22]} Ne4+ {[%clk 0:00:20]} 34. Kb1
{[%clk 0:00:30]} Nd2+ {[%clk 0:00:27]} 35. Kc2 {[%clk 0:00:39]} Nc4+
{[%clk 0:00:24]} 36. Kd3 {[%clk 0:00:36]} Ne5+ {[%clk 0:00:19]} 37. Ke3
{[%clk 0:00:37]} Ng4+ {[%clk 0:00:24]} 38. Kd3 {[%clk 0:00:43]} Rxb2
{[%clk 0:00:27]} 39. Rf1+ {[%clk 0:00:52]} Nf6 {[%clk 0:00:22]} 40. Re1
{[%clk 0:00:52]} Ra3 {[%clk 0:00:12]} 41. Rexe7 {[%clk 0:00:34]} Rbxb3
{[%clk 0:00:18]} 42. Rf7+ {[%clk 0:00:42]} Ke8 {[%clk 0:00:13]} 43. Rxb3
{[%clk 0:00:51]} Rxb3 {[%clk 0:00:22]} 44. Rxf6 {[%clk 0:01:00]} Rb1
{[%clk 0:00:22]} 45. Kd4 {[%clk 0:00:56]} Rh1 {[%clk 0:00:21]} 46. Rf4
{[%clk 0:01:05]} Ke7 {[%clk 0:00:21]} 47. Kd5 {[%clk 0:01:08]} h6
{[%clk 0:00:22]} 48. Rg4 {[%clk 0:01:07]} Kf6 {[%clk 0:00:25]} 49. Rf4+
{[%clk 0:01:15]} Ke7 {[%clk 0:00:34]} 50. c4 {[%clk 0:01:22]} Rd1+
{[%clk 0:00:20]} 51. Kc6 {[%clk 0:01:10]} g5 {[%clk 0:00:18]} 52. hxg5
{[%clk 0:01:17]} hxg5 {[%clk 0:00:27]} 53. Rf5 {[%clk 0:01:10]} g4
{[%clk 0:00:28]} 54. c5 {[%clk 0:01:13]} Ke6 {[%clk 0:00:18]} 55. Rg5
{[%clk 0:01:21]} Rd4 {[%clk 0:00:26]} 56. Kb7 {[%clk 0:01:11]} Kf6
{[%clk 0:00:31]} 57. Rg8 {[%clk 0:01:17]} Rb4+ {[%clk 0:00:32]} 58. Ka6
{[%clk 0:01:11]} Kf5 {[%clk 0:00:32]} 59. c6 {[%clk 0:01:16]} Rc4
{[%clk 0:00:35]} 1/2-1/2